00432 2200181 4500001002100000005001500021008004100036020002200077035001900099041000600118082000800124090001400132100001600146245002400162260002800186300002500214650001100239INLIS00000000000271320241224112604241224||||||||| | ||| |||| ||  a978-979-8002-54-0 0010-1224002713 a00 a819 a819 AJI t0 aAjip Rosidi00aTembang Jeung Kawih bKiblat Buku Utamac2013 a160 hlm;14.5 x 21 cm 0aSastra